| 000 | 01058cam a22002655a 4500 | ||
|---|---|---|---|
| 001 | 17036768 | ||
| 005 | 20201128023827.0 | ||
| 008 | 111107t2012 gw a frb 001 0 eng d | ||
| 020 | _a9783642256905 | ||
| 020 | _a3642256902 | ||
| 040 |
_aBTCTA _beng _cBTCTA _dUKMGB _dOHX _dYDXCP _dBWX _dGSU _dHEBIS _dDLC _dEG-ScBUE |
||
| 082 | 0 | 4 |
_222 _a006.3 _bHUM |
| 245 | 0 | 0 |
_aHuman-computer interaction : _bthe agency perspective / _c[editor] Marielba Zacarias and Jose Valente de Oliveira. |
| 260 |
_aBerlin : _bSpringer-Verlag, _cc.2012. |
||
| 300 |
_axviii, 464 p. : _bill. (some col.) ; _c24 cm. |
||
| 490 | 0 |
_aStudies in computational intelligence, _x1860-949X ; _vv. 396. |
|
| 504 | _aIncludes bibliographical references and index. | ||
| 650 | 7 |
_aHuman-computer interaction. _2BUEsh _9859 |
|
| 650 | 7 |
_aArtificial intelligence. _2BUEsh _9529 |
|
| 650 | 7 |
_aIntelligent agents (Computer software) _2BUEsh _94866 |
|
| 653 |
_bCOMSCI _cSeptember2016 |
||
| 700 | 1 |
_aZacarias, Marielba, _eeditor. |
|
| 700 | 1 |
_aOliveira, J. Valente de _q(Jose Valente), _eeditor. |
|
| 942 | _2ddc | ||
| 999 |
_c22325 _d22297 |
||